00275nam a2200121Ia 4500008004100000041000900041082001600050100001700066245003200083260002200115300000800137650000800145230718s9999 xx 000 0 und d aEng. a7458bNAG-C aNagita S. m. 0aCode of Climmoral Proceding aPakistanb-c2004 a700 aLaw